000 01025nam a2200229Ia 4500
008 0000002005 sp ad 0000000000mul00
090 _aPSP00 J35s
100 1 _aJiménez, José
245 1 0 _aSantiago Ydañez
_c/ texto José Jiménez ; traducción Jacob Ladeggard ; fotografías Juan González, Mateo Gamón, Valentín García Baca
300 _a86 p.
_c/ 23 cm.
500 _aExposición realizada en Galería Luis Adelantado en Valencia, España en 2005 \ Incluye datos biográficos del artista \ Texto en español e inglés \ Donación Galería Nueve Ochenta, Bogota, 2014
600 0 0 _a YDAñEZ, SANTIAGO, 1969/
_xTRABAJOS PICTORICOS
650 1 4 _aARTE CONTEMPORANEO ESPAÑOL
650 1 4 _aARTISTAS PLASTICOS ESPAÑOLES EXPOSIONES
650 1 4 _xCATALOGOS
650 1 4 _xEXPOSICIONES
650 1 4 _aEXPRESIONISMO (ARTE)
650 1 4 _aINSTALACIONES (ARTE) ESPAÑA
650 1 4 _aPINTORES ESPAÑOLES
650 1 4 _aPINTURA ESPAÑOLA
999 _c15368
_d15368
260 _aValencia : Galería Luis Adelantado
_c2005